000
00309 a2200157 4500
001
174770
020
_a
040
_c
Magnum
100
_a
Gardiner, B.
240
1
0
_a
Lixo nuclear
_l
por
245
1
0
_a
Lixo nuclear
362
0
_a
1899
440
1
_a
Melhoramentos
697
_a
PARADIDATICOS
942
_c
BK
999
_c
174770
_d
174770